<?xml version="1.0" encoding="UTF-8"?>
<record
    xmlns:xsi="http://www.w3.org/2001/XMLSchema-instance"
    xsi:schemaLocation="http://www.loc.gov/MARC21/slim http://www.loc.gov/standards/marcxml/schema/MARC21slim.xsd"
    xmlns="http://www.loc.gov/MARC21/slim">

  <leader>02929nam a2200565 a 4500</leader>
  <controlfield tag="005">20241202101826.0</controlfield>
  <controlfield tag="008">241128e2020    ag ||||f |||| 001 0 spa d</controlfield>
  <datafield tag="020" ind1=" " ind2=" ">
    <subfield code="a">9789500209991</subfield>
  </datafield>
  <datafield tag="041" ind1=" " ind2=" ">
    <subfield code="a">spa</subfield>
  </datafield>
  <datafield tag="092" ind1=" " ind2=" ">
    <subfield code="c">613.2</subfield>
    <subfield code="l">55</subfield>
    <subfield code="s">NAV</subfield>
  </datafield>
  <datafield tag="100" ind1="1" ind2=" ">
    <subfield code="a">Navarro, Elisabet.</subfield>
    <subfield code="9">4224</subfield>
  </datafield>
  <datafield tag="245" ind1=" " ind2=" ">
    <subfield code="a">T&#xE9;cnica dietoter&#xE1;pica /</subfield>
    <subfield code="c">Elisabet Navarro</subfield>
  </datafield>
  <datafield tag="250" ind1=" " ind2=" ">
    <subfield code="a">3a ed. 2a reimp.</subfield>
  </datafield>
  <datafield tag="260" ind1=" " ind2=" ">
    <subfield code="a">Buenos Aires:</subfield>
    <subfield code="b">El Ateneo;</subfield>
    <subfield code="c">2020.</subfield>
  </datafield>
  <datafield tag="300" ind1=" " ind2=" ">
    <subfield code="a">542 p.</subfield>
  </datafield>
  <datafield tag="500" ind1=" " ind2=" ">
    <subfield code="a">Navarro, E., Longo, E. N. y Gonz&#xE1;lez, A. F. (2020). T&#xE9;cnica dietoter&#xE1;pica. (3a ed.). Buenos Aires: El Ateneo. 
</subfield>
  </datafield>
  <datafield tag="653" ind1=" " ind2=" ">
    <subfield code="a">Introducci&#xF3;n a la t&#xE9;cnica dietoter&#xE1;pica</subfield>
  </datafield>
  <datafield tag="653" ind1=" " ind2=" ">
    <subfield code="a">Valoracion de las necesidades del individuo enfermo</subfield>
  </datafield>
  <datafield tag="653" ind1=" " ind2=" ">
    <subfield code="a">T&#xE9;cnicas de soporte nutricional: nutrici&#xF3;n enteral y nutrici&#xF3;n parenteral</subfield>
  </datafield>
  <datafield tag="653" ind1=" " ind2=" ">
    <subfield code="a">T&#xE9;cnica dietoter&#xE1;pica en gastroenterolog&#xED;a. Generalidades de las entidades digesto-absortivas</subfield>
  </datafield>
  <datafield tag="653" ind1=" " ind2=" ">
    <subfield code="a">T&#xE9;cnica dietoter&#xE1;pica en las enfermedades esof&#xE1;gicas</subfield>
  </datafield>
  <datafield tag="653" ind1=" " ind2=" ">
    <subfield code="a">T&#xE9;cnica dietoter&#xE1;pica en las enfermedades gastricas</subfield>
  </datafield>
  <datafield tag="653" ind1=" " ind2=" ">
    <subfield code="a">T&#xE9;cnica dietoter&#xE1;pica en las patolog&#xED;as del intestino delgado</subfield>
  </datafield>
  <datafield tag="653" ind1=" " ind2=" ">
    <subfield code="a">T&#xE9;cnica dietoter&#xE1;pica en las enfermedades del colon</subfield>
  </datafield>
  <datafield tag="653" ind1=" " ind2=" ">
    <subfield code="a">T&#xE9;cnica dietoter&#xE1;pica en las enfermedades hepaticas</subfield>
  </datafield>
  <datafield tag="653" ind1=" " ind2=" ">
    <subfield code="a">T&#xE9;cnica dietoter&#xE1;pica en las enfermedades de las v&#xED;as biliares y pancreaticas</subfield>
  </datafield>
  <datafield tag="653" ind1=" " ind2=" ">
    <subfield code="a">T&#xE9;cnica dietoter&#xE1;pica en la enfermedad celiaca y otros transtornos relacionados con el gluten/trigo </subfield>
  </datafield>
  <datafield tag="653" ind1=" " ind2=" ">
    <subfield code="a">El plan de alimentaci&#xF3;n para el control de peso</subfield>
  </datafield>
  <datafield tag="653" ind1=" " ind2=" ">
    <subfield code="a">El plan de alimentaci&#xF3;n en la diabetes</subfield>
  </datafield>
  <datafield tag="653" ind1=" " ind2=" ">
    <subfield code="a">El plan de alimentaci&#xF3;n en las enfermedades cardiovasculares</subfield>
  </datafield>
  <datafield tag="653" ind1=" " ind2=" ">
    <subfield code="a">El plan de alimentaci&#xF3;n hiposodico</subfield>
  </datafield>
  <datafield tag="653" ind1=" " ind2=" ">
    <subfield code="a">Orientaci&#xF3;n en los trastornos de la conducta alimentaria</subfield>
  </datafield>
  <datafield tag="653" ind1=" " ind2=" ">
    <subfield code="a">El plan de alimentaci&#xF3;n para la recuperaci&#xF3;n del peso corporal</subfield>
  </datafield>
  <datafield tag="653" ind1=" " ind2=" ">
    <subfield code="a">El plan de alimentaci&#xF3;n en las enfermedades renales</subfield>
  </datafield>
  <datafield tag="653" ind1=" " ind2=" ">
    <subfield code="a">Enfoque dietetico en las enfermedades del sistema nervioso</subfield>
  </datafield>
  <datafield tag="653" ind1=" " ind2=" ">
    <subfield code="a">Reacciones adversas a los alimentos</subfield>
  </datafield>
  <datafield tag="653" ind1=" " ind2=" ">
    <subfield code="a">Estrategias nutricionales y alimentarias aplicables a pacientes con infecci&#xF3;n por virus de inmunodeficiencia humana (VIH) y sida</subfield>
  </datafield>
  <datafield tag="653" ind1=" " ind2=" ">
    <subfield code="a">Paciente critico. Soporte nutricional del paciente quemado grave</subfield>
  </datafield>
  <datafield tag="653" ind1=" " ind2=" ">
    <subfield code="a">C&#xE1;ncer: nutrici&#xF3;n y dieta</subfield>
  </datafield>
  <datafield tag="653" ind1=" " ind2=" ">
    <subfield code="a">Enfoque nutricional en el tratamiento de anemias y osteoporosis</subfield>
  </datafield>
  <datafield tag="653" ind1=" " ind2=" ">
    <subfield code="a">Alimentaci&#xF3;n vegetariana: riesgos y beneficios</subfield>
  </datafield>
  <datafield tag="653" ind1=" " ind2=" ">
    <subfield code="a">Implicancias diet&#xE9;ticas en enfermedades reumaticas, pulmonares y sarcopenia</subfield>
  </datafield>
  <datafield tag="653" ind1=" " ind2=" ">
    <subfield code="a">Enfoque diet&#xE9;tico en situaciones particulares</subfield>
  </datafield>
  <datafield tag="653" ind1=" " ind2=" ">
    <subfield code="a">Interacci&#xF3;n alimentos-medicamentos</subfield>
  </datafield>
  <datafield tag="653" ind1=" " ind2=" ">
    <subfield code="a">La educaci&#xF3;n alimentaria nutricional (EAN)</subfield>
  </datafield>
  <datafield tag="653" ind1=" " ind2=" ">
    <subfield code="a">La t&#xE9;cnica dietoter&#xE1;pica y la gastronom&#xED;a hospitalaria</subfield>
  </datafield>
  <datafield tag="700" ind1="1" ind2=" ">
    <subfield code="a">Longo, Elsa N.</subfield>
    <subfield code="9">4225</subfield>
  </datafield>
  <datafield tag="700" ind1="1" ind2=" ">
    <subfield code="a">Gonz&#xE1;lez, Andrea F.</subfield>
    <subfield code="9">4226</subfield>
  </datafield>
  <datafield tag="942" ind1=" " ind2=" ">
    <subfield code="2">ddc</subfield>
    <subfield code="c">BK</subfield>
  </datafield>
  <datafield tag="999" ind1=" " ind2=" ">
    <subfield code="c">3213</subfield>
    <subfield code="d">3213</subfield>
  </datafield>
  <datafield tag="952" ind1=" " ind2=" ">
    <subfield code="0">0</subfield>
    <subfield code="1">0</subfield>
    <subfield code="2">ddc</subfield>
    <subfield code="4">0</subfield>
    <subfield code="7">0</subfield>
    <subfield code="8">NFIC</subfield>
    <subfield code="a">BFM</subfield>
    <subfield code="b">BFM</subfield>
    <subfield code="c">CR</subfield>
    <subfield code="d">2024-11-28</subfield>
    <subfield code="e">Fondos UNComahue</subfield>
    <subfield code="g">28960.00</subfield>
    <subfield code="l">0</subfield>
    <subfield code="o">613.2  55 NAV </subfield>
    <subfield code="p">4944</subfield>
    <subfield code="r">2024-11-28</subfield>
    <subfield code="t">Ej. 1</subfield>
    <subfield code="w">2024-11-28</subfield>
    <subfield code="y">BK</subfield>
    <subfield code="z">Fondos UNComahue nov 2024</subfield>
    <subfield code="f"></subfield>
  </datafield>
</record>
